00530nam a2200193Ia 4500003000900000008004100009040001300050040001300063041000800076245010900084250002200193260002300215260000900238300001100247300001200258490000600270700001900276710004100295IT-RoPAU120407s9999 xx 000 0 und d aIT-RoPAU cIT-RoPAU aita aL’ospite fisso. Televisione e mass media nelle famiglie italiane. Centro Internazionale Studi Famiglia aCinisello Balsamo aSan Paolo Edizioni c1995 a237 p. c21,5 cm v1 aFranco Casetti aCentro Internazionale Studi Famiglia